000 01764cam a22003015i 4500
001 114234
003 DR-UNIBE
005 20251126092930.0
008 251126t2024 mx a b 001 0 spa d
020 _a9786075698212
040 _aBIBLIOTECA UNIBE
_cBIBLIOTECA UNIBE
_erda
041 _aspa
_heng
082 0 4 _a170.44 P485m
_223
100 1 _aPeterson, Jordan B.,
_eautor
_9200696
245 1 0 _aMás allá del orden :
_b12 nuevas reglas para vivir /
_cJordan B. Peterson
264 1 _aMéxico :
_bEditorial Planeta,
_c2018
300 _a477 páginas :
_bilustraciones
490 _aVivir mejor. Prácticos
505 _aRegla 1 No denigres a la ligera ni las instituciones sociales ni el logro creativo | Regla 2 Imagina quién podrías ser y pon todo tu empeño en serlo | Regla 3 No escondas en la niebla las cosas que no desees | Regla 4 Piensa que la oportunidad reluce allí donde se ha renunciado a la responsabilidad | Regla 5 No hagas lo que aborreces | Regla 6 Abandona la ideología | Regla 7 Al Menos esfuérzate al máximo en una cosa y espera a ver qué pasa | Regla 8 Intenta tener una habitación de tu casa lo más bonita posible | Regla 9 Si aún te corroen viejos recuerdos, escribe sobre ellos fielmente y con todo lujo de detalles | Regla 10 Planifica y esfuérzate por mantener viva la llama de tu relación | Regla 11 No te vuelvas rencoroso, mentiroso o arrogante | Regla 12 Muestra gratitud a pesar de tu sufrimiento |
650 7 _aConducta (Ética)
650 7 _aConducta (Psicología)
650 7 _aAutoayuda
650 7 _aPsicología aplicada
_98752
653 0 0 _aConducta de vida
653 0 0 _aCrecimiento personal
700 _aSirvent Almenar, Judit
_etraductor
_9201020
942 _2ddc
_cBK
999 _c114234
_d114234